00991nam a22003017a 4500001000700000003000900007005001700016007000300033008003400036020001500070040003300085082002600118100003300144245009100177246001900268250001300287264003400300300004500334336002700379337003300406338004000439490002800479500002600507585005300533650003600586650003600622700003100658005423DO-SdBPM20250410132531.0ta151029b1992 sp || 00| 0 spa d a8434812339 aDO-SdBPMbspacBPMSUerdad  4a863.6bM425l 1992222 aMateos, Pilard1942-eautora10a Lucas y Lucas ;bEl rapto de caballo gris /cPilar Mateos; ilustraciones Chata Lucini14a Lucas y Lucas a10a. ed. aMadrid :bEdiciones SM,c1992 a84 páginas : bilustraciones ;g20 cm ardacontentbtexto2txt ardamediabsin mediación2n ardacarrierbvolumen0nc2rdacarrier0 aEl barco de vapor, v21 aA partir de 9 años  aPremio Lazarillo 1982, El barco de vapor 19823  7aCuentos infantiles españoles  7aLiteratura infantil española 1 a Lucini, Chataeilustrador